000 00242nam a2200097Ia 4500
008 230915s9999 xx 000 0 und d
050 _aRC 46 .K86 2009
100 _aKUMAR, PARVEEN
245 0 _aKUMAR & CLARK'S CLINICAL MEDICINE
942 _cBK
999 _c195864
_d195864